In the Name of the Father (Record n. 101711)

Dettagli MARC
000 -LEADER
fixed length control field 01342njm a2200301Ia 4500
001 - CONTROL NUMBER
control field C2296
003 - CONTROL NUMBER IDENTIFIER
control field IT-RoPAU
005 - DATE AND TIME OF LATEST TRANSACTION
control field 20220918181146.0
008 - FIXED-LENGTH DATA ELEMENTS--GENERAL INFORMATION
fixed length control field 131025s9999 xx 000 0 und d
040 ## - CATALOGING SOURCE
Original cataloging agency IT-RoPAU
040 ## - CATALOGING SOURCE
Transcribing agency IT-RoPAU
041 ## - LANGUAGE CODE
Language code of text/sound track or separate title INGLESE
999 ## - SYSTEM CONTROL NUMBERS (KOHA)
Koha Dewey Subclass [OBSOLETE] n.d.
100 ## - MAIN ENTRY--PERSONAL NAME
Personal name Jones Trevor
9 (RLIN) 29858
100 ## - MAIN ENTRY--PERSONAL NAME
Relator term Autore musica
9 (RLIN) 29859
100 ## - MAIN ENTRY--PERSONAL NAME
Miscellaneous information Codice autore musica SPICS: 16487
9 (RLIN) 29860
245 ## - TITLE STATEMENT
Title In the Name of the Father
250 ## - EDITION STATEMENT
Edition statement 1a ed.
260 ## - PUBLICATION, DISTRIBUTION, ETC. (IMPRINT)
Place of publication, distribution, etc. LONDON
260 ## - PUBLICATION, DISTRIBUTION, ETC. (IMPRINT)
Name of publisher, distributor, etc. ISLAND RECORDS
Date of publication, distribution, etc. 1994 [1a Ed.:1994 - Ed. Lingua Orig.: 1987]
300 ## - PHYSICAL DESCRIPTION
Extent COMPACT DISC
300 ## - PHYSICAL DESCRIPTION
Dimensions 51 minuti (Testo: 0 pag.)
500 ## - GENERAL NOTE
General note Colonna sonora originale del film "Nel nome del padre".
505 ## - FORMATTED CONTENTS NOTE
Formatted contents note In the Name of the Father (Bono and Gavin Friday) - Voodoo Child (The Jimi Hendrix Experience) - Billy Boola (Gavin Friday and Bono) -- Dedicated Follower of Fashion (The Kinks) - Interrogation (Trevor Jones) - Is This Love (Bob Marley & The Wailers) - Walking the Circle (Trevor Jones) - Whiskey In the Jar (Thin Lizzy) - Passage of Time (Trevor Jones) - You Made Me the Thief of Your Heart (Sinead O'Connor).
650 ## - SUBJECT ADDED ENTRY--TOPICAL TERM
Topical term or geographic name as entry element COLONNA SONORA [COMPACT DISC]
Relator term Codice MATERIA SPICS: 9949
9 (RLIN) 29861
700 ## - ADDED ENTRY--PERSONAL NAME
Personal name Jones Trevor
Relator term Autore testo e musica
Miscellaneous information Codice autore testo/musica SPICS: 16487
9 (RLIN) 29862
942 ## - ADDED ENTRY ELEMENTS (KOHA)
Koha item type CD AUDIO
Source of classification or shelving scheme Dewey Decimal Classification
Dati di copia
Withdrawn status Lost status Damaged status Not for loan Home library Current library Date acquired Total Checkouts Full call number Date last seen Price effective from Koha item type Public note
    Buone Condizioni Not For Loan SPICS-MEDIATECA SPICS-MEDIATECA 25/10/2013   C2296 25/10/2013 25/10/2013 CD AUDIO Progr. Ins.: 1158 / N.Vol.: 1 / Copie: 1 - Copia rara: n.d. / date import: 01.01.2014 - By Epidotti, Trombetti, Vaglietti
CREDITS: SOCIETA' SAN PAOLO Via A.Severo, 58 - ROMA (RM) & PERIODICI SAN PAOLO SRL Via Giotto, 36 MILANO & CISF Via Giotto, 36 MILANO & EDIZIONI SAN PAOLO SRL,  Piazza Soncino, 5 CINISELLO BALSAMO (MI) -- ITALY